000 00504nmm a2200157Ia 4500
008 251105s9999||||xx |||||||||||||||||und||
020 _a9789972428425
041 _aspa
100 _aFernández Arce, César
245 0 _aDerecho de sucesiones :
_b Propuestas de reforma al Libro IV del Código Civil
264 _a[Lima, Peru] :
_bPontificia Universidad Católica de Perú,
_c2008
300 _a130 páginas
650 _aLaw
856 _uhttps://public.digitaliapublishing.com/a/9745
942 _cCF
999 _c97872
_d97872